| 000 | 01072cam a22002531i 4500 | ||
|---|---|---|---|
| 003 | SA-RiAUC | ||
| 005 | 20250328123817.0 | ||
| 008 | 241205s2007 su f f00010 ara c | ||
| 020 | _a9960606171 | ||
| 040 |
_aSA-JeALM _bara _cSA-RiAUC _erda |
||
| 043 | _aa-su--- | ||
| 082 | 0 | 4 |
_a257.5 _qSA-RiAUC |
| 090 |
_a257.5 _bس ع و |
||
| 110 | 1 |
_aالسعودية. _bوزارة العدل. _bالإدارة العامة لتدوين ونشر الأحكام _eمؤلف. |
|
| 245 | 1 | 0 |
_aمدونة الأحكام القضائية / _cالإدارة العامة لتدوين ونشر الأحكام، وزارة العدل. |
| 264 | 1 |
_aالرياض : _bوزارة العدل، الإدارة العامة لتدوين ونشر الأحكام، _c2007 |
|
| 300 |
_a404 صفحة ؛ _c24 سم |
||
| 336 |
_aنص _btxt _2rdacontent _3كتاب |
||
| 337 |
_aبدون وسيط _bn _2rdamedia |
||
| 338 |
_aمجلد _bnc _2rdacarrier |
||
| 650 | 7 |
_aالأحكام (قانون مرافعات) _zالسعودية _2aucsh |
|
| 942 |
_2ddc _cBOOK _n0 |
||
| 949 |
_aSA-JeALM _d241205 _uosman123 _n1 |
||
| 999 |
_c3085 _d3085 |
||